Diverse perspectivies of teacher education for global impact / (Record no. 144603)

MARC details
000 -LEADER
fixed length control field 00647nam a22001817a 4500
010 ## - LCCN (DPL NO)
LC control number ENG-120569
020 ## - INTERNATIONAL STANDARD BOOK NUMBER
Terms of availability 400.00
International Standard Book Number 9789380406534
035 ## - SYSTEM CONTROL NUMBER
System control number EN-104101
037 ## - SOURCE OF ACQUISITION
Source of stock number/acquisition DBAD/PUB
082 ## - DEWEY DECIMAL CLASSIFICATION NUMBER
Classification number 371.122
100 ## - MAIN ENTRY--PERSONAL NAME
Personal name Sumathiral, K.
245 ## - TITLE STATEMENT
Title Diverse perspectivies of teacher education for global impact /
Statement of responsibility, etc by K. Sumathiral [and] A. Vaiyaduri
260 ## - PUBLICATION, DISTRIBUTION, ETC. (IMPRINT)
Place of publication, distribution, etc Erode
Name of publisher, distributor, etc Pallavi Sri Publications and Mass Communication
Date of publication, distribution, etc 2013
270 ## - ADDRESS
Address Regd. off.: 194, Kanna Complex,2nd Floor, Mettur Road,
City Tamil Nadu
Postal code 638152
300 ## - PHYSICAL DESCRIPTION
Extent xv,266p. :
Other physical details 28cm(pbk).
Dimensions ill.
700 ## - ADDED ENTRY--PERSONAL NAME
Personal name Vaiyadurai, K.
942 ## - ADDED ENTRY ELEMENTS (KOHA)
Source of classification or shelving scheme Dewey Decimal Classification
Item type English Books
Classification part 371.122
Call number suffix SUM
Holdings
Withdrawn status Lost status Not for loan Collection code Home library Current library Date acquired Source of acquisition Cost, normal purchase price Full call number Barcode Copy number Cost, replacement price Koha item type
      Non-fiction Central Library Central Library 14/09/2017 DBAD 400.00 371.122 SUM EN-104101 1 400.00 English Books

© Delhi Public Library
Hit Counter
free hit counter